Eyerim - e-predaj slnečných a dioptrických okuliarov

Guardado en:
Detalles Bibliográficos
Autor principal: Slávik, Štefan, 1955-
Formato: Capítulo de libro
Lenguaje:eslovaco
Materias:
Etiquetas: Agregar Etiqueta
Sin Etiquetas, Sea el primero en etiquetar este registro!

MARC

LEADER 00000naa$a2200000$$$4500
001 0225980
005 20240502073717.5
041 0 |a slo 
044 |a SK 
245 1 0 |a Eyerim - e-predaj slnečných a dioptrických okuliarov  |c Štefan Slávik 
610 2 0 |a štúdie prípadové 
610 2 0 |a start-up 
610 2 0 |a obchod elektronický 
610 2 0 |a okuliare 
100 1 |a Slávik, Štefan, 1955-